| 000 | 00739nam a2200241 4500 | ||
|---|---|---|---|
| 001 | bimo0000200923 | ||
| 003 | OSt | ||
| 005 | 20151015161539.0 | ||
| 008 | 880831s1985 sp 000 spa | ||
| 020 | _a84-322-2042-6 | ||
| 040 | _cBMC | ||
| 082 | _a863 | ||
| 100 | 1 |
_aSemprún, Jorge _d1923-2011 _936742 |
|
| 245 | 1 | 3 |
_aLa segunda muerte de Ramón Mercader _cJorge Semprún; [traducción, Carlos Pujol] |
| 250 | _a1ª ed | ||
| 260 |
_aBarcelona _bSeix Barral _c1985 |
||
| 300 |
_a362 p. _c19 cm |
||
| 490 | 0 |
_aLiteratura contemporánea _v45 |
|
| 546 | _aTraducción de: La Deuxième mort de Ramón Mercader | ||
| 650 | 2 | 4 |
_929289 _aNovela española |
| 700 |
_aPujol, Carlos _d1936-2012 _929341 |
||
| 942 |
_2ddc _cBK _hprozim |
||
| 999 |
_c22978 _d22978 |
||